Banka ve finansal sistem (Record no. 19518)

000 -LEADER
fixed length control field 01171nmm a2200361 a 4500
001 - CONTROL NUMBER
control field ocm0002015939
003 - CONTROL NUMBER IDENTIFIER
control field TR-IsHL
005 - DATE AND TIME OF LATEST TRANSACTION
control field 20201028181248.0
008 - FIXED-LENGTH DATA ELEMENTS--GENERAL INFORMATION
fixed length control field 181230s2016 tu tur
007 - PHYSICAL DESCRIPTION FIXED FIELD--GENERAL INFORMATION
fixed length control field cr cn
020 ## - INTERNATIONAL STANDARD BOOK NUMBER
International Standard Book Number 9786053273165
035 ## - SYSTEM CONTROL NUMBER
System control number 2015939
-- (N$T)
050 04 - LIBRARY OF CONGRESS CALL NUMBER
Classification number HG221
Item number .B36 2016
090 04 - LOCALLY ASSIGNED LC-TYPE CALL NUMBER (OCLC); LOCAL CALL NUMBER (RLIN)
Classification number (OCLC) (R) ; Classification number, CALL (RLIN) (NR) HG221
Local cutter number (OCLC) ; Book number/undivided call number, CALL (RLIN) .B36 2016
245 10 - TITLE STATEMENT
Title Banka ve finansal sistem
Medium [electronic resource] /
Statement of responsibility, etc. editörler Hasan Ayaydın, Savaş Durmuş
260 ## - PUBLICATION, DISTRIBUTION, ETC.
Place of publication, distribution, etc. Bursa :
Name of publisher, distributor, etc. Ekin Basım Yayın Dağıtım,
Date of publication, distribution, etc. 2016
300 ## - PHYSICAL DESCRIPTION
Extent 439 p.
500 ## - GENERAL NOTE
General note Kaynakça var.
650 #4 - SUBJECT ADDED ENTRY--TOPICAL TERM
Topical term or geographic name entry element Ekonomi ve Finans
650 #4 - SUBJECT ADDED ENTRY--TOPICAL TERM
Topical term or geographic name entry element Economics and Finance
650 #0 - SUBJECT ADDED ENTRY--TOPICAL TERM
Topical term or geographic name entry element Para politikası
General subdivision Türkiye
650 #0 - SUBJECT ADDED ENTRY--TOPICAL TERM
Topical term or geographic name entry element Monetary policy
General subdivision Turkey
650 #0 - SUBJECT ADDED ENTRY--TOPICAL TERM
Topical term or geographic name entry element Maliye
General subdivision Türkiye
650 #0 - SUBJECT ADDED ENTRY--TOPICAL TERM
Topical term or geographic name entry element Finance
General subdivision Turkey
650 #0 - SUBJECT ADDED ENTRY--TOPICAL TERM
Topical term or geographic name entry element Bankalar ve bankacılık
650 #0 - SUBJECT ADDED ENTRY--TOPICAL TERM
Topical term or geographic name entry element Banks and banking
650 #0 - SUBJECT ADDED ENTRY--TOPICAL TERM
Topical term or geographic name entry element Uluslararası finans
650 #0 - SUBJECT ADDED ENTRY--TOPICAL TERM
Topical term or geographic name entry element International finance
650 #7 - SUBJECT ADDED ENTRY--TOPICAL TERM
Topical term or geographic name entry element BUSINESS & ECONOMICS / Banks & Banking
Source of heading or term bisacsh
700 1# - ADDED ENTRY--PERSONAL NAME
Personal name Ayaydın, Hasan
700 1# - ADDED ENTRY--PERSONAL NAME
Personal name Durmuş, Savaş
856 40 - ELECTRONIC LOCATION AND ACCESS
Uniform Resource Identifier <a href="http://search.ebscohost.com/login.aspx?direct=true&scope=site&db=e011xww&AN=2015939">http://search.ebscohost.com/login.aspx?direct=true&scope=site&db=e011xww&AN=2015939</a>
Holdings
Withdrawn status Lost status Source of classification or shelving scheme Damaged status Not for loan Collection code Permanent Location Current Location Date acquired Total Checkouts Full call number Barcode Date last seen Price effective from Koha item type
        Online   Kıbrıs Amerikan Üniversitesi Kütüphanesi / American University of Cyprus Kıbrıs Amerikan Üniversitesi Kütüphanesi / American University of Cyprus 28.10.2020   HG221 .B36 2016 2015939 28.10.2020 28.10.2020 E-Kitap
Devinim Yazılım Eğitim Danışmanlık tarafından Koha'nın orjinal sürümü uyarlanarak geliştirilip kurulmuştur.